Film Misquotes - Statistics

General Stats
  • This quiz has been taken 27 times
  • The average score is 4 of 13
Answer Stats
Misquote Real Quote % Correct
If you build it, they will come If you build it, he will come
71%
Luke, I am your father No, I am your father
71%
Frankly Scarlett, I don't give a damn Frankly my dear, I don't give a damn
62%
We're gonna need a bigger boat You're gonna need a bigger boat
57%
Here's another fine mess you've gotten us into Here's another nice mess you gotten me into
33%
Mirror, mirror on the wall, who is the fairest of them all? Magic mirror on the wall who is the fairest one of all
24%
Greed is good Greed, for lack of a better word, is good
19%
Life is like a box of chocolates Life was like a box of chocolates
19%
Mrs. Robinson, are you trying to seduce me? Mrs. Robinson, you're trying to seduce me aren't you
19%
Play it again, Sam Play it, Sam
19%
Fasten your seatbelts, it's going to be a bumpy ride Fasten your seatbelts, it's going to be a bumpy night
14%
Get your stinking paws off of me you damn dirty ape Take your stinking paws off of me you damn dirty ape
10%
Toto, I don't think we're in Kansas anymore Toto, I have a feeling we're not in Kansas anymore
10%
No matching quizzes found
Score Distribution
Percent of People with Each Score
Percentile by Number Answered
Your Score History
You have not taken this quiz